Minecraft / (Record no. 1734)
[ view plain ]
| 000 -LEADER | |
|---|---|
| fixed length control field | 01073nam a22002417a 4500 |
| 005 - DATE AND TIME OF LATEST TRANSACTION | |
| control field | 20231211141726.0 |
| 020 ## - INTERNATIONAL STANDARD BOOK NUMBER | |
| International Standard Book Number | 9781405276771 |
| 040 ## - CATALOGING SOURCE | |
| Original cataloging agency | FISKH |
| Language of cataloging | eng |
| Transcribing agency | FISKH |
| Modifying agency | FISKH |
| 082 ## - DEWEY DECIMAL CLASSIFICATION NUMBER | |
| Classification number | 798.4 |
| 100 ## - MAIN ENTRY--PERSONAL NAME | |
| Personal name | Milton, Stephanie |
| 245 ## - TITLE STATEMENT | |
| Title | Minecraft / |
| Remainder of title | Beginner's Handbook |
| 250 ## - EDITION STATEMENT | |
| Edition statement | Updated Edition |
| 260 ## - PUBLICATION, DISTRIBUTION, ETC. | |
| Place of publication, distribution, etc. | London : |
| Name of publisher, distributor, etc. | Egmont, |
| Date of publication, distribution, etc. | 2015 |
| 300 ## - PHYSICAL DESCRIPTION | |
| Extent | 95 pages : |
| Dimensions | 21 cm |
| 505 ## - FORMATTED CONTENTS NOTE | |
| Formatted contents note | X |
| 520 ## - SUMMARY, ETC. | |
| Summary, etc. | You're alone in a mysterious new world, full of hidden dangers. You have only minutes to find food and shelter before darkness falls and the monsters come looking for you. What do you do? The Official Minecraft Beginner's Handbook might just save your life. Learn how to make a shelter, find resources, craft tools, Armour and weapons, and protect yourself from monsters. With tips from Minecraft experts, as well as creator Notch himself, this is the definitive guide to how to survive your first few days in Minecraft. |
| 521 ## - TARGET AUDIENCE NOTE | |
| Target audience note | 1050 <br/> |
| Source | Lexile |
| 521 ## - TARGET AUDIENCE NOTE | |
| Target audience note | X <br/> |
| Source | Raz-Plus |
| 650 ## - SUBJECT ADDED ENTRY--TOPICAL TERM | |
| Topical term or geographic name entry element | Games |
| 650 ## - SUBJECT ADDED ENTRY--TOPICAL TERM | |
| Topical term or geographic name entry element | Survival |
| 942 ## - ADDED ENTRY ELEMENTS (KOHA) | |
| Source of classification or shelving scheme | Dewey Decimal Classification |
| Koha item type | Books |
| Suppress in OPAC | No |
| 999 ## - | |
| -- | 1734 |
| -- | 1734 |
| Withdrawn status | Lost status | Source of classification or shelving scheme | Damaged status | Not for loan | Collection | Home library | Current library | Shelving location | Date acquired | Total Checkouts | Full call number | Barcode | Date last seen | Date last checked out | Copy number | Price effective from | Koha item type |
|---|---|---|---|---|---|---|---|---|---|---|---|---|---|---|---|---|---|
| Dewey Decimal Classification | Non-Fiction | Footprints International School Library Network Toul Kork Campus | Footprints International School Library Network Toul Kork Campus | A TK Campus, 4th Floor, Room B401, Non-Fiction Bookcases(7-8) | 09/25/2023 | 5 | MIL 794.8 | 2023-0694 | 09/19/2024 | 09/11/2024 | 1 | 09/25/2023 | Books |
